000 01029nam a2200241 a 4500
001 82263
003 BD-RjUL
005 20240121102539.0
008 231108s2014 bg a|||| m||| 00| 0 eng d
035 _a(BD-RjUL)82263
040 _aBD-RjUL
_beng
_cBD-RjUL
_dBD-RjUL
041 _aeng
082 _223
_a636.51
_bDUP 2014
100 _aDutta, Ripon Kumar
_99970
245 1 0 _aProductivity, Management Practices And Disease Incidences of The Indigenous, Exotic And Crossbred Chickens Under Smallholders' Conditions in Rajshahi, Bangladesh /
_cRipon Kumar Dutta ;
_6Supervisor : M. Saiful Islam.
260 _aRajshahi :
_bDepartment of Zoology, University of Rajshahi,
_c2014.
300 _a[6], xvii, 210 leaves :
_bill.;
_c29 cm.
502 _aThesis(Ph.D.)-- Department of Zoology,University of Rajshahi,2014
504 _aLiterature Cited : Leaves 172-196
650 _aChickens
_xProductivity, Management Practices And Disease
_zBangladesh
_2Rajshahi
_99971
700 _aIslam, M. Saiful, Supervisor
_99972
942 _2ddc
_cTHE
999 _c82263
_d82263